| 000 | 00777nam a22002177a 4500 | ||
|---|---|---|---|
| 005 | 20150323122756.0 | ||
| 010 | _aENG-112229 | ||
| 020 |
_a9789351431374 _c2195.00 |
||
| 035 | _aEN-95761 | ||
| 037 | _bDBAD/PUB | ||
| 082 | _a347.540602632 | ||
| 100 | _aRanchhoddas,Ratanlal | ||
| 245 |
_aRatanlal & Dhirajlal's the law of evidence : _cby Ratanlal Ranchhoddas [and] Dhirajlal Keshavlal Thakore _bthe criminal law (amendment) act, 2013 / |
||
| 250 | _a23rd ed | ||
| 260 |
_aGurgaon _bLexisNexis _c2014 |
||
| 270 |
_a14th Floor, Building No. 10, Tower-B, DLF Cyber city, Phase-II _bGurgaon _e122002 |
||
| 300 |
_acdi,1852p. _c25cm(Hb) |
||
| 500 | _aIncludes index | ||
| 700 |
_aThakore, Dhirajlal Keshavlal _917244 |
||
| 942 |
_2ddc _cEN _mRAN _h347.540602632 |
||
| 999 |
_c91786 _d91786 |
||